000 01361nam a22003377i 4500
003 EG-GICUC
005 20260121101529.0
008 251220s1987 ua ||||fr|||| 00| 0 ara d
017 _a19878096
020 _a9770115916
040 _a EG-GICUC
_bara
_c EG-GICUC
_d EG-GICUC
_erda
041 _aara
082 0 4 _221
_a343.64
_bم ح . ت
092 0 4 _221
099 _aLaw1 10 343.64 م ح . ت 1987
100 0 _aمحي الدين احمد حسين
_eمؤلف.
245 1 2 _aالتنشئة الاسرية والابناء الصغار /
_cمحي الدين احمد حسين.
264 1 _aالقاهرة :
_bالهيئة المصرية العامة للكتاب،
_c1987.
300 _a263 ؛ صفحة
_c24 سم.
336 _2rda content
_atext
337 _2rda media
_aComputer
338 _2rda carrier
_aOnline Resource
490 0 _aالالف كتاب (الثاني) ؛
_v50.
504 _aيحتوي على ارجاعات ببليوجرافية يحتوي على قائمة بالمراجع
546 _aالنص أغلبه باللغة العربية مع بعض النصوص الإنجليزية
650 1 4 _aالعوامل الإجرامية المتعلقة بالبيئة الخارجية
_2qrmak
651 1 _2qrmak
856 4 0 _uhttps://fll.law.cu.edu.eg/fulltext/bks/B10-07211.pdf
905 _a75
942 _2ddc
_cBK
_e21
_n0
999 _c52003
_d52003